Guanacaste Airport Destinations (Liberia, Costa Rica) - Statistics

General Stats
  • This quiz has been taken 52 times
    20 since last reset
  • The average score is 23 of 31
Answer Stats
Airline Destination % Correct
Delta Air Lines/Frontier Airlines Atlanta
94%
Delta Air Lines/JetBlue Boston
94%
American Airlines/Sun Country Airlines Dallas/Fort Worth
94%
Southwest Airlines/United Airlines Denver
94%
Air Canada/Air Transat Montréal (Trudeau)
94%
American Airlines/JetBlue New York (JFK)
94%
American Airlines Philadelphia
94%
Alaska Airlines/United Airlines San Francisco
94%
Sansa Airlines San José (Juan Santamaria)
94%
Air Canada/Air Transat/Porter Airlines/WestJet Toronto (Pearson)
94%
American Airlines Charlotte
88%
American Airlines/United Airlines Chicago (O'Hare)
88%
Southwest Airlines Houston (Hobby)
88%
United Airlines Houston (Intercontinental)
88%
Alaska Airlines/Delta Air Lines/United Airlines Los Angeles
88%
American Airlines Miami
88%
Delta Air Lines/Sun Country Airlines Minneapolis/St. Paul
88%
United Airlines Newark
88%
Alaska Airlines Seattle/Tacoma
88%
Southwest Airlines Baltimore
82%
WestJet Vancouver
82%
Edelweiss Air Zürich
82%
WestJet Calgary
65%
Delta Air Lines Detroit
65%
JetBlue Fort Lauderdale
65%
Porter Airlines Ottawa
65%
WestJet Winnipeg
41%
Sansa Airlines Tamarindo
12%
Sansa Airlines Nosara
6%
Sansa Airlines Quepos
6%
Sansa Airlines Tambor
6%
No matching quizzes found
Score Distribution
Percent of People with Each Score
Percentile by Number Answered
Your Score History
You have not taken this quiz since the last reset